VLSI Design and Test 17th International Symposium, VDAT 2013, Jaipur, India, July 27-30, 2013, Revised Selected Papers /

This book constitutes the refereed proceedings of the 17th International Symposium on VLSI Design and Test, VDAT 2013, held in Jaipur, India, in July 2013. The 44 papers presented were carefully reviewed and selected from 162 submissions. The papers discuss the frontiers of design and test of VLSI c...

Πλήρης περιγραφή

Λεπτομέρειες βιβλιογραφικής εγγραφής
Συγγραφή απο Οργανισμό/Αρχή: SpringerLink (Online service)
Άλλοι συγγραφείς: Gaur, Manoj Singh (Επιμελητής έκδοσης), Zwolinski, Mark (Επιμελητής έκδοσης), Laxmi, Vijay (Επιμελητής έκδοσης), Boolchandani, Dharmendra (Επιμελητής έκδοσης), Sing, Virendra (Επιμελητής έκδοσης), Sing, Adit D. (Επιμελητής έκδοσης)
Μορφή: Ηλεκτρονική πηγή Ηλ. βιβλίο
Γλώσσα:English
Έκδοση: Berlin, Heidelberg : Springer Berlin Heidelberg : Imprint: Springer, 2013.
Σειρά:Communications in Computer and Information Science, 382
Θέματα:
Διαθέσιμο Online:Full Text via HEAL-Link
LEADER 02627nam a22005535i 4500
001 978-3-642-42024-5
003 DE-He213
005 20151103131302.0
007 cr nn 008mamaa
008 131213s2013 gw | s |||| 0|eng d
020 |a 9783642420245  |9 978-3-642-42024-5 
024 7 |a 10.1007/978-3-642-42024-5  |2 doi 
040 |d GrThAP 
050 4 |a QA75.5-76.95 
050 4 |a TK7885-7895 
072 7 |a UK  |2 bicssc 
072 7 |a COM067000  |2 bisacsh 
082 0 4 |a 004  |2 23 
245 1 0 |a VLSI Design and Test  |h [electronic resource] :  |b 17th International Symposium, VDAT 2013, Jaipur, India, July 27-30, 2013, Revised Selected Papers /  |c edited by Manoj Singh Gaur, Mark Zwolinski, Vijay Laxmi, Dharmendra Boolchandani, Virendra Sing, Adit D. Sing. 
264 1 |a Berlin, Heidelberg :  |b Springer Berlin Heidelberg :  |b Imprint: Springer,  |c 2013. 
300 |a XVI, 388 p. 246 illus.  |b online resource. 
336 |a text  |b txt  |2 rdacontent 
337 |a computer  |b c  |2 rdamedia 
338 |a online resource  |b cr  |2 rdacarrier 
347 |a text file  |b PDF  |2 rda 
490 1 |a Communications in Computer and Information Science,  |x 1865-0929 ;  |v 382 
505 0 |a VLSI design -- Testing and verification -- Embedded systems -- Emerging technology. 
520 |a This book constitutes the refereed proceedings of the 17th International Symposium on VLSI Design and Test, VDAT 2013, held in Jaipur, India, in July 2013. The 44 papers presented were carefully reviewed and selected from 162 submissions. The papers discuss the frontiers of design and test of VLSI components, circuits and systems. They are organized in topical sections on VLSI design, testing and verification, embedded systems, emerging technology. 
650 0 |a Computer science. 
650 0 |a Computer hardware. 
650 0 |a Microprocessors. 
650 0 |a Computer communication systems. 
650 1 4 |a Computer Science. 
650 2 4 |a Computer Hardware. 
650 2 4 |a Processor Architectures. 
650 2 4 |a Computer Communication Networks. 
700 1 |a Gaur, Manoj Singh.  |e editor. 
700 1 |a Zwolinski, Mark.  |e editor. 
700 1 |a Laxmi, Vijay.  |e editor. 
700 1 |a Boolchandani, Dharmendra.  |e editor. 
700 1 |a Sing, Virendra.  |e editor. 
700 1 |a Sing, Adit D.  |e editor. 
710 2 |a SpringerLink (Online service) 
773 0 |t Springer eBooks 
776 0 8 |i Printed edition:  |z 9783642420238 
830 0 |a Communications in Computer and Information Science,  |x 1865-0929 ;  |v 382 
856 4 0 |u http://dx.doi.org/10.1007/978-3-642-42024-5  |z Full Text via HEAL-Link 
912 |a ZDB-2-SCS 
950 |a Computer Science (Springer-11645)